| 000 | 00459cam a22001697 4500 | ||
|---|---|---|---|
| 001 | ltf90031870 | ||
| 003 | DLC | ||
| 005 | 20260227111551.0 | ||
| 008 | 910123s1927 xx 000 0 fre | ||
| 010 | _altf90031870 | ||
| 040 |
_aDLC _cDLC _dDLC |
||
| 050 | 0 | 0 | _a4HA 106 |
| 100 | 1 |
_aWürzburger, Eugen, _d1858-1938. |
|
| 245 | 1 | 0 | _aRapport sur l'enseignement de la statistique dans les écoles des hautes études. |
| 260 |
_a[n.p., _c1927] |
||
| 300 | _a18 p. | ||
| 999 |
_c37412 _d37412 |
||